| 000 | 00859cab a2200229 4500 | ||
|---|---|---|---|
| 001 | ABS41584 | ||
| 008 | 090401t1989 xxu||||| |||| 00| 0 eng d | ||
| 035 | _a(Sirsi) u31033 | ||
| 041 | _aeng | ||
| 100 | _aPaterson, R. | ||
| 245 | _aInsuring against the loss of key personnel | ||
| 260 | _c1989 | ||
| 350 | _a0 | ||
| 490 |
_aLaw Society`s Gazette _v86(36) 11 October 1989, 14-15(2) |
||
| 520 | _aInvestigates the tax and financial consequences faced by a professional firm if a key individual dies or suffers a long term illness before normal retirement age. Discusses `key man` insurance which provides a cheap and effective way of protecting a company or partnership . | ||
| 650 | _aDEATH | ||
| 650 | _aDIRECTOR | ||
| 650 | _aPROFESSIONS | ||
| 690 | _aMANAGEMENT-BUSINESS MANAGEMENT-PROFESSIONAL PRACTICE | ||
| 942 | _n0 | ||
| 948 | _c04/03/1997 | ||
| 999 |
_c20866 _d20866 |
||